عرض عادي
عرض مارك
- IEEE Engineering in Medicine and Biology Society.
مدخل إسم هيئة
001 - رقم الضبط
- حقل الضبط: 64540
003 - معرف رقم الضبط
- حقل الضبط: OSt
005 - تاريخ ووقت أخر عملية
- حقل الضبط: 20180829180554.0
008 - عناصر بيانات ثابتة الطول
- حقل تحكم ثابت الطول: 180829|| aca||aabn | a|a d
040 ## - مصدر الفهرسة
- هيئة الفهرسة الأصلية: OSt
- وكالة الكتابة: OSt
110 ## - مدخل -- أسم شخص
- اسم الهيئه او اسم السلطه كعنصر مدخل: IEEE Engineering in Medicine and Biology Society.
670 ## - بيانات المصدر موجوده
- الاستشهاد بالمصدر: Work cat.: (OSt)0: Khoo, Michael C. K. 64538, Physiological control systems :, c2018.
